A.C. Machin Design and Build Contractors v Long (Record no. 40745)
[ view plain ]
| 000 -LEADER | |
|---|---|
| fixed length control field | 01563cab a2200217 4500 |
| 001 - CONTROL NUMBER | |
| control field | ABS48174 |
| 008 - FIXED-LENGTH DATA ELEMENTS--GENERAL INFORMATION | |
| fixed length control field | 090401t1993 xxu||||| |||| 00| 0 eng d |
| 035 ## - SYSTEM CONTROL NUMBER | |
| System control number | (Sirsi) u65339 |
| 041 ## - LANGUAGE CODE | |
| Language code of text/sound track or separate title | eng |
| 245 ## - TITLE STATEMENT | |
| Title | A.C. Machin Design and Build Contractors v Long |
| 260 ## - PUBLICATION, DISTRIBUTION, ETC. | |
| Date of publication, distribution, etc. | 1993 |
| 350 ## - PRICE (NR) (BK AM CF MU VM SE) [OBSOLETE] | |
| Price | 0 |
| 490 ## - SERIES STATEMENT | |
| Series statement | Construction Industry Law Letter |
| Volume/sequential designation | 1993 CILL 818-820(3) |
| 520 ## - SUMMARY, ETC. | |
| Summary, etc. | CA 20 October 1992. From April 1987 to July 1988 M carried out building works for L under a contract in the ACA form which provided for interim payments against certificates issued by the architect. In July 1988 the architect issued the 12th certificate which brought the value of the work certified to £472,000. In September 1988 M issued a writ against L claiming £88,000 plus VAT. This was made up of the unpaid balance of £60,000 due in respect of certificate 12 and claims for extra work of £38,000 less the amounts previously paid and an admitted deduction of £4,000 in respect of direct payments to subcontractors. In December the architects purported to cancel certificate 12 and issued a revised certificate for a reduced amount. The case was heard by the Official Referee who held that the architect had ceased to act fairy and impartially to the extent that he had colluded with L. In particular he held that the revision of the certificate was ineffective and therefore the original one |
| 650 ## - SUBJECT ADDED ENTRY--TOPICAL TERM | |
| Topical term or geographic name entry element | CLAIMS |
| 650 ## - SUBJECT ADDED ENTRY--TOPICAL TERM | |
| Topical term or geographic name entry element | INTERIM CERTIFICATES |
| 650 ## - SUBJECT ADDED ENTRY--TOPICAL TERM | |
| Topical term or geographic name entry element | INTERIM PAYMENTS |
| 690 ## - LOCAL SUBJECT ADDED ENTRY--TOPICAL TERM (OCLC, RLIN) | |
| Topical term or geographic name as entry element | BUILDING AND CONSTRUCTION-CASE LAW |
| 942 ## - ADDED ENTRY ELEMENTS (KOHA) | |
| Suppress in OPAC | 0 |
| 948 ## - LOCAL PROCESSING INFORMATION (OCLC); SERIES PART DESIGNATOR (RLIN) | |
| c (OCLC) | 04/03/1997 |
| Withdrawn status | Lost status | Source of classification or shelving scheme | Damaged status | Not for loan | Home library | Current library | Shelving location | Date acquired | Total Checkouts | Full call number | Barcode | Date last seen | Copy number | Price effective from | Koha item type |
|---|---|---|---|---|---|---|---|---|---|---|---|---|---|---|---|
| Dewey Decimal Classification | London | London | Journal article | 14/09/1999 | ABS48174 | 65339-1001 | 06/08/2019 | 1 | 06/08/2019 | Law report |